Nations of the Second Coalition - Statistics

General Stats
  • This quiz has been taken 11 times
  • The average score is 10 of 14
Answer Stats
Years Involved Nation % Correct
1798-1802 France
100%
1798-1802 Batavian Republic
90%
1798-1801 Portugal
90%
1798-1802 Spain
90%
1798-1802 United Kingdom
90%
1798-1802 Sardinia
80%
1798-1802 Helvetic Republic
70%
1798-1801 Naples
70%
1798-1801 Bavaria
60%
1798-1802 Cisalpine Republic
60%
1798-1802 Ligurian Republic
60%
1798-1802 Ottoman Empire
60%
1798-1800 USA
30%
1798-1801 Tuscany
20%
No matching quizzes found
Score Distribution
Percent of People with Each Score
Percentile by Number Answered
Your Score History
You have not taken this quiz